000 00615nam a2200229Ia 4500
003 OSt
005 20251028131643.0
008 210210b1995 xxu||||| |||| 00| 0 eng d
020 _a0333599594
040 _cAL
041 _aeng
082 _a820.9 PECF
100 _aJohn Peck
_9242974
245 _aFrankenstein
_b: New casebooks ed by Fred Botting
260 _aLondon
_bMacmillan Press Ltd
_c1995
300 _aix,271p
650 _aFrankenstein critical Essays New Case Books
_9242975
690 _aEnglish Criticism
_9242976
700 _aMartin Coyle
_9242977
906 _a056015
942 _2ddc
_cBK
999 _c103435
_d103435